[Event "4NCL Division Three Bishops"]
[Site "Telford, ENG"]
[Date "2023.11.18"]
[Round "1.63"]
[White "Rida, Ruqayyah"]
[Black "Mercs, Peter J"]
[Result "0-1"]
[WhiteElo "1707"]
[BlackElo "1998"]
[PlyCount "88"]
[EventDate "2023.11.18"]
[WhiteTeam "She Plays To Win Lionesses"]
[BlackTeam "Ashfield 1"]

1. e4 c6 2. d4 d5 3. Nd2 dxe4 4. Nxe4 Nf6 5. Nxf6+ exf6 6. c3 Bd6 7. Bd3 O-O 8.
Qc2 Re8+ 9. Ne2 h5 10. Be3 Nd7 11. O-O-O Nf8 12. Kb1 Qa5 13. c4 c5 14. a3 cxd4
15. Nxd4 Bg4 16. f3 Rxe3 17. fxg4 Ree8 18. Nb5 Be5 19. c5 Kh8 20. Bc4 Ne6 21.
Rd3 Nxc5 22. b4 Qb6 23. bxc5 Qxc5 24. Rh3 g6 25. Bd3 Qb6 26. Qc4 Qf2 27. Qc2
Qb6 28. gxh5 g5 29. Qc4 Qf2 30. Qc2 Qb6 31. Qa2 Re7 32. Qe2 Qe6 33. Bc2 a6 34.
Qd3 f5 35. Nd4 Qb6+ 36. Nb3 a5 37. Qe3 Qf6 38. Qc1 a4 39. Nd2 Ra5 40. Nc4 Rb5+
41. Ka2 Qe6 42. Bb3 axb3+ 43. Rxb3 Rxb3 44. Kxb3 b5 0-1

[Event "4NCL Division Three Bishops"]
[Site "Telford, ENG"]
[Date "2023.11.18"]
[Round "1.64"]
[White "Truman, Richard G"]
[Black "Latypova, Olga L"]
[Result "1/2-1/2"]
[WhiteElo "1979"]
[BlackElo "1741"]
[PlyCount "84"]
[EventDate "2023.11.18"]
[WhiteTeam "Ashfield 1"]
[BlackTeam "She Plays To Win Lionesses"]

1. d4 Nf6 2. c4 g6 3. Nc3 d5 4. cxd5 Nxd5 5. e4 Nxc3 6. bxc3 Bg7 7. Be3 c5 8.
Qd2 Qa5 9. Nf3 O-O 10. Rc1 Rd8 11. Be2 Nc6 12. d5 Ne5 13. Nxe5 Bxe5 14. c4
Qxd2+ 15. Kxd2 b6 16. Kc2 Bd7 17. f4 Ba4+ 18. Kd2 Bg7 19. Rb1 e6 20. Bf3 exd5
21. exd5 Re8 22. Rhf1 Rad8 23. g4 Bd7 24. Rb3 Bc8 25. Ra3 Re7 26. Rd3 f5 27. g5
Rd6 28. Rc1 Bd7 29. Rb3 Ba4 30. Rd3 Rc7 31. Ra3 Be8 32. Ra6 Bd7 33. Rb1 Bc8 34.
Ra3 Kf7 35. Rab3 Ba6 36. Rc1 Bc8 37. h4 Re7 38. h5 Bd7 39. h6 Bh8 40. Rcb1 Ba4
41. Ra3 Be8 42. Ra6 Rc7 1/2-1/2

[Event "4NCL Division Three Bishops"]
[Site "Telford, ENG"]
[Date "2023.11.18"]
[Round "1.65"]
[White "Chan, Michelle (Ngo Yu)"]
[Black "Naylor-Eade, Michael A"]
[Result "1/2-1/2"]
[WhiteElo "1638"]
[BlackElo "1967"]
[PlyCount "130"]
[EventDate "2023.11.18"]
[WhiteTeam "She Plays To Win Lionesses"]
[BlackTeam "Ashfield 1"]

1. e4 e5 2. Nf3 Nc6 3. Bc4 Bc5 4. c3 Nf6 5. d3 a6 6. a4 d6 7. O-O Qe7 8. b4 Ba7
9. Ng5 O-O 10. h3 h6 11. Nf3 Be6 12. Bxe6 fxe6 13. Re1 Nh5 14. Nbd2 b5 15. Nf1
Rf6 16. N1h2 Raf8 17. Be3 Bxe3 18. Rxe3 Qf7 19. g3 Rg6 20. Ng4 Nf6 21. Nxf6+
Qxf6 22. Qe2 Nd4 23. cxd4 exd4 24. e5 dxe5 25. Rxe5 Qxf3 26. Rxe6 Rxe6 27.
Qxe6+ Kh8 28. Rf1 c6 29. axb5 axb5 30. Qe4 Qf6 31. f4 Qd6 32. Rc1 Qxb4 33. Rxc6
Qb1+ 34. Kf2 Qb2+ 35. Kf3 Qh2 36. Kg4 b4 37. Qe7 Rg8 38. Qe5 Kh7 39. Qe4+ Kh8
40. Rb6 Qd2 41. Qe5 Qd1+ 42. Kh4 Kh7 43. Qe4+ Kh8 44. Qxd4 Kh7 45. Qe4+ Kh8 46.
Rg6 b3 47. Qd4 Kh7 48. f5 Qe2 49. Re6 Qd2 50. Qe3 Qxe3 51. Rxe3 Rb8 52. Re1 Rb5
53. g4 b2 54. Rb1 Rb3 55. d4 Kg8 56. d5 Kf7 57. d6 Kf6 58. d7 Ke7 59. Kh5 Rb6
60. f6+ gxf6 61. Kxh6 Kxd7 62. Kg6 Ke6 63. h4 Ke5 64. h5 f5+ 65. Kg5 fxg4
1/2-1/2

[Event "4NCL Division Three Bishops"]
[Site "Telford, ENG"]
[Date "2023.11.18"]
[Round "1.66"]
[White "Garnett, John S"]
[Black "Ashton, Alannah"]
[Result "1-0"]
[WhiteElo "1950"]
[BlackElo "1721"]
[PlyCount "79"]
[EventDate "2023.11.18"]
[WhiteTeam "Ashfield 1"]
[BlackTeam "She Plays To Win Lionesses"]

1. d4 d5 2. c4 e6 3. Nc3 c5 4. cxd5 exd5 5. Nf3 Nf6 6. g3 Nc6 7. Bg2 cxd4 8.
Nxd4 Bc5 9. Nb3 Bb6 10. Nxd5 Be6 11. Nxb6 Qxd1+ 12. Kxd1 axb6 13. Nd2 O-O 14.
e3 Rfd8 15. Ke2 Nb4 16. b3 Nc2 17. Rb1 Rxa2 18. Rb2 Rxb2 19. Bxb2 Bg4+ 20. f3
Bd7 21. Bxf6 Bb5+ 22. Nc4 gxf6 23. Rc1 Na3 24. Ke1 Rc8 25. Bf1 Ba6 26. Kd2 Rd8+
27. Kc3 Nb5+ 28. Kb4 Rc8 29. Rd1 Rc6 30. Bh3 Na7 31. Bd7 b5 32. Na3 Rb6 33. Kc5
Nc8 34. Bxb5 Bxb5 35. Rd8+ Kg7 36. Rxc8 Rc6+ 37. Rxc6 Bxc6 38. f4 Kg6 39. Nb5
Kf5 40. Nd4+ 1-0

[Event "4NCL Division Three Bishops"]
[Site "Daventry, ENG"]
[Date "2024.05.05"]
[Round "10.11"]
[White "Vaidyanathan, Adithya"]
[Black "Burrows, Martin P"]
[Result "1-0"]
[WhiteElo "2153"]
[BlackElo "2114"]
[PlyCount "111"]
[EventDate "2024.05.05"]
[WhiteTeam "Warwickshire Select 2"]
[BlackTeam "The Rookies"]

1. Nf3 Nf6 2. d4 e6 3. c4 b6 4. Nc3 Bb4 5. Qb3 a5 6. Bg5 Bb7 7. a3 Bxc3+ 8. Qxc3 h6 9. Bh4 d6 10. Nd2 Nbd7 11. f3 a4 12. e4 e5 13. d5 O-O 14. Bd3 Qe8 15. O-O Nh5 16. Bf2 Nc5 17. b4 axb3 18. Bxc5 bxc5 19. Nxb3 Bc8 20. Bc2 Nf4 21. Bd1 f5 22. Kh1 fxe4 23. Nd2 Qg6 24. Rf2 exf3 25. Bxf3 Bf5 26. Qe3 Rfb8 27. g3 Nh3 28. Rg2 Ng5 29. Be2 Rb2 30. g4 Be4 31. Nxe4 Qxe4 32. Qxe4 Nxe4 33. Kg1 Rab8 34. Bd3 Ng5 35. Bc2 Nf3+ 36. Kf1 Rf8 37. Bh7+ Kxh7 38. Rxb2 Nd2+ 39. Ke2 Nxc4 40. Rb7 Rf4 41. a4 Re4+ 42. Kf2 Rxg4 43. a5 Nxa5 44. Rxa5 Rd4 45. Rxc7 Rxd5 46. Raa7 Kg6 47. Rxg7+ Kf5 48. Ke3 Rd4 49. Raf7+ Ke6 50. Rf2 d5 51. Rg6+ Ke7 52. Rd2 Re4+ 53. Kf3 Rf4+ 54. Kg3 c4 55. Ra2 Kf8 56. Rxh6 1-0

[Event "4NCL Division Three Bishops"]
[Site "Daventry, ENG"]
[Date "2024.05.05"]
[Round "10.12"]
[White "Okhai, Shabir"]
[Black "Mason, Donald J"]
[Result "0-1"]
[WhiteElo "2086"]
[BlackElo "2110"]
[PlyCount "54"]
[EventDate "2024.05.05"]
[WhiteTeam "The Rookies"]
[BlackTeam "Warwickshire Select 2"]

1. e4 e6 2. d4 d5 3. Nc3 Nf6 4. e5 Nfd7 5. f4 c5 6. Nf3 Nc6 7. Be3 Be7 8. Qd2 O-O 9. dxc5 Qa5 10. O-O-O b6 11. Bb5 Bb7 12. Kb1 Kh8 13. cxb6 axb6 14. a4 Bb4 15. Qd3 f6 16. Nxd5 exd5 17. Qxd5 Ndb8 18. c3 Be7 19. Qe6 Bc8 20. Qd5 Bf5+ 21. Kc1 Nb4 22. Qb3 Nc2 23. Bf2 Rc8 24. Bd3 Na1 25. Qxb6 Rxc3+ 26. Kb1 Qxa4 27. Qc6 Qa2# 0-1

[Event "4NCL Division Three Bishops"]
[Site "Daventry, ENG"]
[Date "2024.05.05"]
[Round "10.13"]
[White "Paterson, Andrew I"]
[Black "Agnew, Alan"]
[Result "1-0"]
[WhiteElo "2128"]
[BlackElo "2062"]
[PlyCount "67"]
[EventDate "2024.05.05"]
[WhiteTeam "Warwickshire Select 2"]
[BlackTeam "The Rookies"]

1. e4 c6 2. d4 d5 3. exd5 cxd5 4. Bd3 Nc6 5. c3 Nf6 6. Bf4 Bg4 7. Qb3 Qd7 8. Nd2 e6 9. Ngf3 Bxf3 10. Nxf3 Bd6 11. Bxd6 Qxd6 12. O-O Qc7 13. Rae1 O-O 14. Qd1 Rab8 15. Re3 g6 16. Rfe1 Qf4 17. g3 Qh6 18. h4 Qg7 19. Nd2 Rfe8 20. Qe2 h5 21. Qd1 Qf8 22. Nf3 Ng4 23. R3e2 b5 24. Ng5 b4 25. Qc2 bxc3 26. bxc3 Rbc8 27. Qb1 Rb8 28. Qc1 Qg7 29. Qf4 e5 30. dxe5 Ngxe5 31. Qa4 Rec8 32. Ba6 f6 33. Bxc8 Rxc8 34. f4 1-0

[Event "4NCL Division Three Bishops"]
[Site "Daventry, ENG"]
[Date "2024.05.05"]
[Round "10.14"]
[White "Byron, Alan M"]
[Black "Cooper, David M"]
[Result "1/2-1/2"]
[WhiteElo "2110"]
[BlackElo "1993"]
[PlyCount "40"]
[EventDate "2024.05.05"]
[WhiteTeam "The Rookies"]
[BlackTeam "Warwickshire Select 2"]

1. c4 e5 2. g3 Nc6 3. Bg2 g6 4. Nc3 Bg7 5. d3 Nge7 6. Rb1 a5 7. a3 d6 8. b4 axb4 9. axb4 O-O 10. b5 Nb8 11. Bg5 h6 12. Bd2 c6 13. Qb3 Be6 14. bxc6 bxc6 15. Nf3 Nd7 16. O-O Nc5 17. Qc2 Qc7 18. Rfc1 Rfb8 19. Be3 Nd7 20. Rxb8+ Rxb8 1/2-1/2

[Event "4NCL Division Three Bishops"]
[Site "Daventry, ENG"]
[Date "2024.05.05"]
[Round "10.15"]
[White "Baer, Bruce L"]
[Black "Compton, Alistair"]
[Result "1/2-1/2"]
[WhiteElo "2092"]
[BlackElo "2084"]
[PlyCount "89"]
[EventDate "2024.05.05"]
[WhiteTeam "Warwickshire Select 2"]
[BlackTeam "The Rookies"]

1. Nf3 d5 2. g3 Nf6 3. Bg2 e6 4. O-O Nc6 5. a3 a5 6. b3 e5 7. d3 Bd6 8. Nc3 h6 9. e4 d4 10. Ne2 Be6 11. Qe1 Bc5 12. Bd2 O-O 13. Nh4 Qe7 14. Qc1 Nh7 15. h3 Qd7 16. g4 g5 17. Nf5 Bxf5 18. exf5 Kh8 19. Ng3 Nf6 20. Bxg5 hxg5 21. Qxg5 Nh7 22. Qh5 f6 23. Ne4 Bd6 24. f3 Ne7 25. Qh6 Nd5 26. Qd2 Nf4 27. h4 Qe7 28. a4 Bb4 29. Qd1 Qg7 30. Kf2 Qh6 31. Rh1 Nd5 32. g5 Qh5 33. g6 Ne3 34. Qg1 Rg8 35. Bh3 Nxf5 36. Qg4 Qh6 37. Qxf5 Rg7 38. Bg4 Bd2 39. Rad1 Be3+ 40. Ke2 Rag8 41. Bh3 Qf4 42. Qxf4 Bxf4 43. h5 Bh6 44. Rh2 f5 45. Bxf5 1/2-1/2

[Event "4NCL Division Three Bishops"]
[Site "Daventry, ENG"]
[Date "2024.05.05"]
[Round "10.16"]
[White "Jaszkiwskyj, Peter"]
[Black "He, Tom Junde"]
[Result "0-1"]
[WhiteElo "1967"]
[BlackElo "1958"]
[PlyCount "72"]
[EventDate "2024.05.05"]
[WhiteTeam "The Rookies"]
[BlackTeam "Warwickshire Select 2"]

1. d4 Nf6 2. c4 e6 3. Nc3 Bb4 4. e3 O-O 5. Bd3 d5 6. a3 Bxc3+ 7. bxc3 c5 8. Nf3 Qc7 9. Qe2 b5 10. cxb5 cxd4 11. c4 e5 12. e4 dxe4 13. Bxe4 Nxe4 14. Qxe4 Bb7 15. Qe2 d3 16. Qe3 Qxc4 17. O-O Bxf3 18. Qxf3 Nd7 19. Rd1 Nc5 20. Be3 Nb3 21. Rab1 Kh8 22. Qf5 e4 23. Qe5 Rfb8 24. a4 Rd8 25. Qe7 Qxa4 26. Qxf7 Nd4 27. Ra1 Ne2+ 28. Kh1 Qxb5 29. Rdb1 Qd7 30. Qc4 Rac8 31. Qa6 Rc6 32. Qxa7 Qxa7 33. Rxa7 Rc2 34. Raa1 Nc3 35. Rc1 d2 36. Bxd2 Rcxd2 0-1

[Event "4NCL Division Three Bishops"]
[Site "Daventry, ENG"]
[Date "2024.05.05"]
[Round "10.21"]
[White "Rawlinson, Aidan M"]
[Black "Howell, Oliver W"]
[Result "1/2-1/2"]
[WhiteElo "2184"]
[BlackElo "1905"]
[PlyCount "47"]
[EventDate "2024.05.05"]
[WhiteTeam "Greater Woodpushers"]
[BlackTeam "Sussex Martlets 3"]

1. d4 d5 2. c4 c6 3. Nf3 Nf6 4. e3 Bf5 5. Nc3 e6 6. Nh4 Bg6 7. Be2 Bd6 8. g3 Nbd7 9. O-O dxc4 10. Bxc4 Nb6 11. Be2 O-O 12. Nxg6 hxg6 13. e4 Bb4 14. f3 Rc8 15. a3 Be7 16. b4 Qd7 17. Be3 Rfd8 18. Qb3 Ne8 19. Rfd1 Bf6 20. Kg2 Nc7 21. Rac1 Nb5 22. Nxb5 cxb5 23. d5 Rxc1 24. Bxc1 1/2-1/2

[Event "4NCL Division Three Bishops"]
[Site "Daventry, ENG"]
[Date "2024.05.05"]
[Round "10.22"]
[White "Howell, Chris I"]
[Black "McLean, Robert"]
[Result "1/2-1/2"]
[WhiteElo "1873"]
[BlackElo "2140"]
[PlyCount "67"]
[EventDate "2024.05.05"]
[WhiteTeam "Sussex Martlets 3"]
[BlackTeam "Greater Woodpushers"]

1. e4 c6 2. Nf3 d5 3. exd5 cxd5 4. Ne5 Nc6 5. Bb5 Bd7 6. Bxc6 Bxc6 7. O-O Nf6 8. d4 e6 9. Nd2 Be7 10. Ndf3 O-O 11. Re1 Ne4 12. Nxc6 bxc6 13. Ne5 Rc8 14. c3 c5 15. f3 Nf6 16. Be3 Qb6 17. Qb3 Rc7 18. Qxb6 axb6 19. Kf2 Ra8 20. g4 Ne8 21. Ke2 Nd6 22. a3 f6 23. Nd3 Nc4 24. Bf2 Bd6 25. Kf1 Nd2+ 26. Kg2 Re8 27. Rad1 Nb3 28. Nc1 Nxc1 29. Rxc1 Kf7 30. Rcd1 cxd4 31. Bxd4 Be5 32. f4 Rec8 33. Kf3 Bxd4 34. Rxd4 1/2-1/2

[Event "4NCL Division Three Bishops"]
[Site "Daventry, ENG"]
[Date "2024.05.05"]
[Round "10.23"]
[White "Zhu, Yaoyao"]
[Black "Michaud, Gerald"]
[Result "1-0"]
[WhiteElo "2111"]
[BlackElo "1917"]
[PlyCount "65"]
[EventDate "2024.05.05"]
[WhiteTeam "Greater Woodpushers"]
[BlackTeam "Sussex Martlets 3"]

1. e4 e6 2. d4 d5 3. e5 c5 4. c3 Nc6 5. Nf3 Bd7 6. Be2 Rc8 7. O-O Nh6 8. dxc5 Bxc5 9. b4 Be7 10. Bd3 f5 11. Bxh6 gxh6 12. Nbd2 Qc7 13. Re1 O-O 14. a3 Nd8 15. c4 dxc4 16. Bxc4 b5 17. Bb3 Nf7 18. Nd4 Kh8 19. Nxe6 Bxe6 20. Bxe6 Rcd8 21. Rc1 Qd6 22. Bxf7 Rxf7 23. Qe2 Bg5 24. Rcd1 Qe6 25. Nf3 Rxd1 26. Rxd1 a6 27. Rd6 Qc8 28. h4 Be7 29. Rd1 Qc3 30. Qd3 Qb2 31. e6 Rf8 32. Qd7 Qb3 33. Re1 1-0

[Event "4NCL Division Three Bishops"]
[Site "Daventry, ENG"]
[Date "2024.05.05"]
[Round "10.24"]
[White "Wannasin Bell, Charlie"]
[Black "Ackley, Peter J E"]
[Result "1/2-1/2"]
[WhiteElo "1715"]
[BlackElo "2081"]
[PlyCount "54"]
[EventDate "2024.05.05"]
[WhiteTeam "Sussex Martlets 3"]
[BlackTeam "Greater Woodpushers"]

1. b4 c6 2. Bb2 a5 3. a3 axb4 4. axb4 Rxa1 5. Bxa1 Qb6 6. c3 d5 7. Nf3 Bf5 8. d4 h6 9. e3 Nf6 10. Bd3 Bxd3 11. Qxd3 e6 12. O-O Qa6 13. Qxa6 Nxa6 14. Ne5 Bd6 15. Nd3 b6 16. Bb2 Ke7 17. Nd2 Ra8 18. Ra1 Nc7 19. Rxa8 Nxa8 20. f3 Nd7 21. e4 f6 22. c4 dxc4 23. Nxc4 Bc7 24. Ne3 b5 25. Nc5 Nab6 26. Kf2 Bf4 27. Bc3 Bxe3+ 1/2-1/2

[Event "4NCL Division Three Bishops"]
[Site "Daventry, ENG"]
[Date "2024.05.05"]
[Round "10.25"]
[White "Lee, Daniel T"]
[Black "Woods, Timothy J"]
[Result "1/2-1/2"]
[WhiteElo "2102"]
[BlackElo "1672"]
[PlyCount "136"]
[EventDate "2024.05.05"]
[WhiteTeam "Greater Woodpushers"]
[BlackTeam "Sussex Martlets 3"]

1. d4 d6 2. e4 Nf6 3. Nc3 g6 4. Be2 Bg7 5. Be3 c6 6. h3 b5 7. e5 dxe5 8. dxe5 Qxd1+ 9. Rxd1 Nfd7 10. f4 O-O 11. Nf3 Nb6 12. O-O Na6 13. b3 Nc7 14. Bc5 Nbd5 15. Nxd5 Nxd5 16. Bxb5 Bb7 17. Bc4 Rfe8 18. Bxd5 cxd5 19. Nd4 e6 20. Rfe1 Rec8 21. Bd6 a5 22. a4 Ra6 23. Rd2 Bc6 24. Rf2 Be8 25. g4 Rxd6 26. f5 Rb6 27. fxe6 fxe6 28. Kg2 g5 29. h4 gxh4 30. Kh3 Bg6 31. Kxh4 Be4 32. c4 Bxe5 33. Nf3 Bd6 34. Nd2 Bb4 35. Ree2 Bxd2 36. Rxd2 Rxb3 37. Rf6 Rxc4 38. Rxe6 Rc8 39. Ra6 Rc5 40. Rf2 Rf3 41. Rb2 Rf8 42. Rd6 Rc4 43. Kg5 Rxa4 44. Rb7 Rb4 45. Ra7 a4 46. Rdd7 Rc4 47. Kh6 Rc6+ 48. Kh5 Re8 49. Rxa4 Re5+ 50. Kh4 Rh6+ 51. Kg3 Re8 52. Raa7 Rf8 53. g5 Rh1 54. Rg7+ Kh8 55. Rgf7 Rxf7 56. Rxf7 Kg8 57. Rd7 Rf1 58. Ra7 Rf7 59. Ra6 Rd7 60. Kf4 Bg6 61. Ke5 d4 62. Ke6 Rd8 63. Ke7 Rc8 64. Rd6 d3 65. Kf6 Rf8+ 66. Ke6 Re8+ 67. Kf6 Rf8+ 68. Ke6 Re8+ 1/2-1/2

[Event "4NCL Division Three Bishops"]
[Site "Daventry, ENG"]
[Date "2024.05.05"]
[Round "10.26"]
[White "Blin, Henri"]
[Black "Bak, Andrew"]
[Result "0-1"]
[WhiteElo "1545"]
[BlackElo "2038"]
[PlyCount "74"]
[EventDate "2024.05.05"]
[WhiteTeam "Sussex Martlets 3"]
[BlackTeam "Greater Woodpushers"]

1. e4 c5 2. Nc3 Nc6 3. f4 e6 4. Nf3 d5 5. Bb5 Nge7 6. O-O a6 7. Bxc6+ Nxc6 8. d3 Be7 9. Qe1 b5 10. exd5 exd5 11. Ne5 Nd4 12. Qd2 Bb7 13. Ne2 Nf5 14. c4 d4 15. Qc2 Bd6 16. Nf3 O-O 17. b3 Re8 18. Ng3 Nxg3 19. hxg3 b4 20. Bd2 Qd7 21. Kf2 Re6 22. Rh1 Rg6 23. Rh4 Re8 24. Re1 Rxe1 25. Bxe1 Qe7 26. Bd2 h6 27. Qd1 Qe6 28. Qe1 Qf5 29. Qe8+ Kh7 30. Qe2 Bc6 31. Qf1 Kg8 32. Nh2 Re6 33. g4 Qf6 34. g3 g5 35. Rh5 gxf4 36. gxf4 Bxf4 37. Rf5 Qh4+ 0-1

[Event "4NCL Division Three Bishops"]
[Site "Daventry, ENG"]
[Date "2024.05.05"]
[Round "10.31"]
[White "Madden, Paul"]
[Black "Walton, Alan J"]
[Result "1/2-1/2"]
[WhiteElo "2129"]
[BlackElo "2034"]
[PlyCount "47"]
[EventDate "2024.05.05"]
[WhiteTeam "Ashfield 1"]
[BlackTeam "Chessable White Rose 3"]

1. e4 e6 2. d4 d5 3. Nd2 Be7 4. Bd3 Nf6 5. e5 Nfd7 6. Ne2 c5 7. c3 b6 8. Nf4 Ba6 9. Bxa6 Nxa6 10. Qg4 g6 11. O-O Nc7 12. Re1 Nf8 13. Nf1 Qd7 14. Bd2 h5 15. Qe2 Qb5 16. Nd3 a5 17. a4 Qa6 18. dxc5 bxc5 19. b4 c4 20. Nf4 Nd7 21. h3 Bf8 22. Nh2 Bg7 23. Nf3 Qc6 24. Nd4 1/2-1/2

[Event "4NCL Division Three Bishops"]
[Site "Daventry, ENG"]
[Date "2024.05.05"]
[Round "10.32"]
[White "Shaw, Peter"]
[Black "Mossong, Hubert"]
[Result "1/2-1/2"]
[WhiteElo "2047"]
[BlackElo "2067"]
[PlyCount "126"]
[EventDate "2024.05.05"]
[WhiteTeam "Chessable White Rose 3"]
[BlackTeam "Ashfield 1"]

1. d4 d6 2. Nf3 Bg4 3. e4 Nd7 4. h3 Bh5 5. Nc3 c6 6. Bd3 e5 7. Be3 Ngf6 8. g4 Bg6 9. h4 h5 10. g5 Ng4 11. Bd2 Be7 12. Qe2 O-O 13. a4 f6 14. gxf6 Bxf6 15. d5 Be7 16. O-O-O c5 17. Rdf1 a6 18. Ng5 Bxg5 19. hxg5 b5 20. f3 c4 21. Bxc4 bxc4 22. fxg4 Rxf1+ 23. Rxf1 h4 24. Qxc4 Rc8 25. Qe2 Qb6 26. Be3 Qb4 27. Qd3 Rxc3 28. bxc3 Qxa4 29. c4 Bxe4 30. Qxe4 Qa1+ 31. Kd2 Qxf1 32. Qf5 Qxf5 33. gxf5 h3 34. Bg1 e4 35. Ke3 Ne5 36. c5 dxc5 37. Kxe4 Nd7 38. Kf3 a5 39. Be3 a4 40. Bc1 Ne5+ 41. Kg3 h2 42. Kxh2 Nc4 43. Ba3 Kf7 44. Bxc5 g6 45. d6 Ne5 46. Kg3 gxf5 47. Kf4 Ke6 48. Ba3 Ng6+ 49. Ke3 Kd7 50. Kd4 Kc6 51. c4 f4 52. Ke4 Kd7 53. c5 Kc6 54. Bc1 Kd7 55. Bxf4 Nxf4 56. Kxf4 a3 57. g6 a2 58. g7 a1=Q 59. g8=Q Qd4+ 60. Kf3 Qxc5 61. Qf7+ Kxd6 62. Qf8+ Kc6 63. Qxc5+ Kxc5 1/2-1/2

[Event "4NCL Division Three Bishops"]
[Site "Daventry, ENG"]
[Date "2024.05.05"]
[Round "10.33"]
[White "Dougherty, Michael"]
[Black "Burnett, Jim"]
[Result "1/2-1/2"]
[WhiteElo "2086"]
[BlackElo "2014"]
[PlyCount "115"]
[EventDate "2024.05.05"]
[WhiteTeam "Ashfield 1"]
[BlackTeam "Chessable White Rose 3"]

1. c4 e6 2. Nc3 d5 3. cxd5 exd5 4. d4 c6 5. Bf4 Bf5 6. e3 Nf6 7. Nf3 Be7 8. h3 O-O 9. g4 Be6 10. Ne5 Nbd7 11. Bd3 Nxe5 12. Bxe5 Nd7 13. Bg3 Bh4 14. Qf3 Rc8 15. O-O Nb6 16. Rad1 Bxg3 17. Qxg3 Rc7 18. Ne2 f6 19. Nf4 Bc8 20. b3 Qd6 21. Nh5 Qxg3+ 22. Nxg3 g6 23. f4 Re7 24. Rf3 Rfe8 25. Kf2 Bd7 26. f5 Kg7 27. Rg1 g5 28. h4 h6 29. Rh1 Nc8 30. hxg5 hxg5 31. Nh5+ Kf7 32. Nxf6 Kxf6 33. Rh6+ Kf7 34. f6 Re4 35. Rh7+ Ke6 36. Bxe4 dxe4 37. Rf5 Rf8 38. Kg3 Kd6 39. Rf2 Nb6 40. Rg7 Nd5 41. Rxg5 Nxe3 42. Rg7 Nxg4 43. Rxd7+ Kxd7 44. Kxg4 e3 45. Re2 Rxf6 46. Rxe3 a5 47. Re5 b5 48. a4 bxa4 49. bxa4 Rf1 50. Rxa5 Rd1 51. Kf4 Rxd4+ 52. Ke5 Rd1 53. Rc5 Kc7 54. Rc4 Kb6 55. Rd4 Rxd4 56. Kxd4 Ka5 57. Kc5 Kxa4 58. Kxc6 1/2-1/2

[Event "4NCL Division Three Bishops"]
[Site "Daventry, ENG"]
[Date "2024.05.05"]
[Round "10.34"]
[White "Edwards-Wright, Miles D"]
[Black "Coates, David H"]
[Result "1/2-1/2"]
[WhiteElo "2052"]
[BlackElo "2044"]
[PlyCount "61"]
[EventDate "2024.05.05"]
[WhiteTeam "Chessable White Rose 3"]
[BlackTeam "Ashfield 1"]

1. Nf3 Nf6 2. c4 g6 3. Nc3 Bg7 4. g3 O-O 5. Bg2 d6 6. O-O e5 7. d4 exd4 8. Nxd4 Re8 9. e4 Nbd7 10. Qd2 a6 11. Rb1 Rb8 12. b3 c5 13. Nc2 b5 14. cxb5 axb5 15. b4 Bf8 16. bxc5 Nxc5 17. Nb4 Bb7 18. f3 Ncd7 19. Rd1 Ne5 20. Nbd5 Bxd5 21. Nxd5 Nxd5 22. Qxd5 Qb6+ 23. Qd4 Qxd4+ 24. Rxd4 Rec8 25. f4 Nc4 26. Bf1 Bg7 27. Rd5 b4 28. Bxc4 Rxc4 29. Bb2 Bxb2 30. Rxb2 Rxe4 31. Rxd6 1/2-1/2

[Event "4NCL Division Three Bishops"]
[Site "Daventry, ENG"]
[Date "2024.05.05"]
[Round "10.35"]
[White "Naylor-Eade, Michael A"]
[Black "Eagleton, Greg T"]
[Result "0-1"]
[WhiteElo "2046"]
[BlackElo "2018"]
[PlyCount "56"]
[EventDate "2024.05.05"]
[WhiteTeam "Ashfield 1"]
[BlackTeam "Chessable White Rose 3"]

1. e4 c5 2. Nf3 d6 3. d4 cxd4 4. Nxd4 Nf6 5. Nc3 a6 6. Bg5 e6 7. f4 Qb6 8. Qd2 Qxb2 9. Rb1 Qa3 10. Bc4 Be7 11. O-O Qc5 12. Be2 Nc6 13. e5 Nxd4 14. Kh1 Nxe2 15. Na4 Qc6 16. Nb6 Nc3 17. exf6 Nxb1 18. fxg7 Rg8 19. Rxb1 Bxg5 20. fxg5 Rb8 21. Qf4 Rxg7 22. Qf6 Rg6 23. Qh8+ Ke7 24. h4 e5 25. c4 Bh3 26. Nd5+ Qxd5 27. cxd5 Rxh8 28. Rxb7+ Bd7 0-1

[Event "4NCL Division Three Bishops"]
[Site "Daventry, ENG"]
[Date "2024.05.05"]
[Round "10.36"]
[White "Woozeer, Seth"]
[Black "Garnett, John S"]
[Result "0-1"]
[WhiteElo "1409"]
[BlackElo "1980"]
[PlyCount "92"]
[EventDate "2024.05.05"]
[WhiteTeam "Chessable White Rose 3"]
[BlackTeam "Ashfield 1"]

1. e4 d5 2. exd5 Nf6 3. Bb5+ Nbd7 4. c4 a6 5. Ba4 b5 6. cxb5 Nxd5 7. Nf3 N5b6 8. Bc2 axb5 9. Be4 Rb8 10. Nd4 Ne5 11. Nc6 Nxc6 12. Bxc6+ Bd7 13. Bxd7+ Qxd7 14. O-O e6 15. Nc3 Nd5 16. Nxd5 Qxd5 17. d4 Bd6 18. Be3 O-O 19. f4 Rfd8 20. Qf3 Qxf3 21. Rxf3 Ra8 22. f5 e5 23. dxe5 Bxe5 24. h3 Bxb2 25. Rb1 Bf6 26. Rxb5 Rxa2 27. Rc5 Rd7 28. Rf2 Ra3 29. Rf3 Rxe3 30. Rxe3 Bd4 31. Rce5 Bxe3+ 32. Rxe3 Kf8 33. Kf2 f6 34. Kf3 Re7 35. Rc3 Ke8 36. Kf4 Kd8 37. g4 Rd7 38. Kg3 Rd5 39. Kf3 Kd7 40. Kf4 c5 41. Rc4 Re5 42. h4 Kc6 43. Re4 Rxe4+ 44. Kxe4 Kb5 45. Kd3 c4+ 46. Kc3 Kc5 0-1

[Event "4NCL Division Three Bishops"]
[Site "Daventry, ENG"]
[Date "2024.05.05"]
[Round "10.41"]
[White "Stoica, Savas Marin"]
[Black "Ogunshola, Ben"]
[Result "1-0"]
[WhiteElo "2278"]
[BlackElo "2042"]
[PlyCount "83"]
[EventDate "2024.05.05"]
[WhiteTeam "Barnet Knights B"]
[BlackTeam "Brown Jack"]

1. d4 Nf6 2. c4 g6 3. Nc3 Bg7 4. h4 d6 5. e4 c6 6. f3 e5 7. Be3 O-O 8. Nge2 Na6 9. Qd2 h5 10. Nc1 exd4 11. Bxd4 Re8 12. Be2 Nc7 13. Nb3 a5 14. Rd1 a4 15. Nc1 Ne6 16. Bf2 Qa5 17. a3 Nd7 18. O-O Bf8 19. Bg3 Ne5 20. Bf2 Nc5 21. Qc2 Be6 22. Nb1 Red8 23. Bd4 Bh6 24. g3 Bh3 25. Rfe1 Re8 26. Kh2 Be6 27. Bc3 Qc7 28. Bd2 Bf8 29. Bc3 Nxc4 30. Bxc4 Bxc4 31. f4 Qe7 32. Qf2 Ne6 33. f5 d5 34. fxe6 fxe6 35. Nd2 Ba6 36. exd5 cxd5 37. Nf3 Bh6 38. Qd4 Kh7 39. Rxe6 Qf7 40. Rf6 Qe7 41. Re1 Qd7 42. Ne5 1-0

[Event "4NCL Division Three Bishops"]
[Site "Daventry, ENG"]
[Date "2024.05.05"]
[Round "10.42"]
[White "Pereslavtsev, Alexandr"]
[Black "Willmoth, Robert F"]
[Result "1/2-1/2"]
[WhiteElo "1947"]
[BlackElo "2191"]
[PlyCount "96"]
[EventDate "2024.05.05"]
[WhiteTeam "Brown Jack"]
[BlackTeam "Barnet Knights B"]

1. d4 d6 2. Nf3 Bg4 3. g3 Bxf3 4. exf3 d5 5. Bg2 Nf6 6. O-O e6 7. Re1 g6 8. h4 Bg7 9. Bg5 h6 10. Bxf6 Qxf6 11. c3 Nd7 12. b4 O-O 13. a4 b6 14. b5 Rfc8 15. f4 a6 16. Nd2 Ra7 17. Nb3 c6 18. bxc6 Rxc6 19. Qd2 h5 20. Qb2 Qd8 21. Nd2 Rc8 22. Rac1 Qc7 23. c4 dxc4 24. Rxc4 Qb8 25. Rec1 Rac7 26. Qb4 Rxc4 27. Rxc4 Rxc4 28. Qxc4 b5 29. Qc6 Qa7 30. Nb3 Bxd4 31. Nxd4 Qxd4 32. axb5 Qd1+ 33. Kh2 axb5 34. Qxb5 Nf6 35. Bh3 Qd5 36. Qxd5 exd5 37. f5 Kg7 38. f3 Ne8 39. Kg2 Kf6 40. fxg6 fxg6 41. Kf2 Ke5 42. Ke3 Ng7 43. f4+ Kf6 44. Kd4 Nf5+ 45. Bxf5 Kxf5 46. Kxd5 Kg4 47. Ke6 Kxg3 48. f5 gxf5 1/2-1/2